00355nam a2200121Ia 4500003000400000005001700004008004100021040001800062041000800080100003900088245007000127260003600197OSt20260123162644.0211028s2017 xx 000 0 und d cAIMIT LIBRARY aeng aJoy, Ashily; Dias, Beena.g1516016 aFactors associated with internal audit effevtiveness in Sadafco / aMangalorebDr Beena Dias.c2017